Sognando Beckham /

Đã lưu trong:
Chi tiết về thư mục
Tác giả chính: Pruess, Craig (Nhà soạn nhạc)
Tác giả khác: Lin, Jong (Nhiếp ảnh gia), Knightley, Keira (Diễn viên), Rhys Meyers, Jonathan (Diễn viên), Chadha, Gurinder (Giám đốc), Nagra, Parminder (Diễn viên), Kher, Anupam (Diễn viên), Bindra, Guljit (Người viết kịch bản), Mayeda Bergers, Paul (Người viết kịch bản)
Định dạng: Slide
Ngôn ngữ:Tiếng Italy
Tiếng Anh
Được phát hành: [Roma] : Eyescreen home video, 2003
Các nhãn: Thêm thẻ
Không có thẻ, Là người đầu tiên thẻ bản ghi này!

MARC

LEADER 00000ngm a22000007i 4500
001 IT\ICCU\UBO\2263984
003 ItRI
005 20260124182852.0
008 030804s2003 it |||||||||||||||k|||||c
024 3 1 |a 8029893019083 
028 4 2 |a 1000374662 
028 4 2 |a ED01907 
028 4 2 |a ED01908 
040 |b ita 
041 7 |a ita  |a eng  |2 ISO-639-2 
082 |a 791.43  |9 CINEMA  |2 19 
130 0 |a Bend it like Beckham <film ; 2002>  |3 IT\ICCU\UBO\2264035 
245 0 0 |a Sognando Beckham /  |c un film di Gurinder Chadha ; scritto da Gurinder Chadha, Guljit Bindra, Paul Mayeda Berges ; direttore della fotografia Lin Jong ; musica di Craig Pruess. 
260 |a [Roma] :  |b Eyescreen home video,  |c 2003 
300 |a 1 DVD video (107 min.) ;  |c in contenitore, 19 cm 
500 |a Codice area: 2; PAL; 16/9, 1.85:1; DVD 9; Dolby digital 5.1; color 
500 |a Tit. del contenitore 
500 |a Produzione cinemmatografica Gran Bretagna/Germania/USA 2002 
500 |a Interpreti: Parminder Nagra, Keira Knightley, Jonathan Rhys Meyers, Anupam Kher 
500 |a Lingue: italiano, inglese; sottotitoli: italiano; inglese, italiano per non udenti 
500 |a Contenuti extra. 
700 1 |a Lin, Jong  |0 IT\ICCU\LO1V\300730  |4 pht 
700 1 |a Knightley, Keira  |0 IT\ICCU\RAVV\329531  |4 act 
700 1 |a Rhys Meyers, Jonathan  |0 IT\ICCU\RAVV\350762  |4 act 
700 1 |a Pruess, Craig  |0 IT\ICCU\RAVV\480007  |4 cmp 
700 1 |a Chadha, Gurinder  |0 IT\ICCU\UBOV\818957  |4 drt 
700 1 |a Nagra, Parminder  |0 IT\ICCU\UBOV\818959  |4 act 
700 1 |a Kher, Anupam  |0 IT\ICCU\UBOV\818961  |4 act 
700 1 |a Bindra, Guljit  |0 IT\ICCU\UBOV\818962  |4 sce 
700 1 |a Mayeda Bergers, Paul  |0 IT\ICCU\UBOV\818963  |4 sce 
790 1 |a Meyers, Jonathan Rhys  |3 IT\ICCU\RAVV\705928  |z Rhys Meyers, Jonathan 
942 |2 ddc  |c VM  |n 0 
952 |0 0  |1 0  |4 0  |6 VO_1278_000000000000000  |7 0  |9 27291  |a BO  |b BO  |d 2026-01-24  |i 9860  |l 0  |o VO 1278  |p BO9860  |r 2026-01-24 18:28:52  |w 2026-01-24  |x [Sebina 5] [1 DVD]  |y VM  |z 1 DVD 
952 |0 0  |1 0  |4 0  |6 VO_1882_000000000000000  |7 0  |9 27292  |a BO  |b BO  |d 2026-01-24  |i 15081  |l 0  |o VO 1882  |p BO15081  |r 2026-01-24 18:28:52  |w 2026-01-24  |x [Sebina 5] [1 dvd]  |y VM  |z 1 dvd (2. copia) 
999 |c 23108  |d 23108